000 00773nam a2200217Ii 4500
003 JO-AjNU
008 230605s9999||||xx |||||||||||||| ||und||
017 _a2013/621
020 _a978-99966-38-20-6
040 _aJO-AjNU
_bara
_erda
_cJO-AjNU
041 _aara
050 1 4 _aKBP637.3.M868.2013
245 0 0 _aمنتدى قضايا الوقف الفقهية السادس " قضايا مستجدة وتأصيل شرعي "
250 _aط1
264 3 1 _aالكويت : الأمانة العامة للأوقاف ، 2013
300 _a429ص
336 _atext
_btxt
_2rdacontent
337 _aunmediated
_bn
_2rdamedia
338 _avolume
_bnc
_2rdacarrier
650 4 _aالوقف والعمل الخيري - ندوات -- الوقف - فقة اسلامي
_950884
999 _aA22442
_c26010
_d26010